Регионална библиотека "Любен Каравелов" - Русе

Отчет за дейността на камарата през 1920 г. (Запис номер 130695)

MARC детайли
000 -Лидер
Контролно поле с фиксирана дължина 01748nam a2200373 a 4500
003 - Код на организацията, давaща контролен номер
Контролно поле BLK
005 - Дата и час на последна редакция
Контролно поле 20230719122743.0
008 - Елементи от данни с фиксирана дължина
fixed length control field 180409b bul|||||r ||||||| ||bul||
010 ## - Наследен системен номер
LC control number KNG00136483000
040 ## - Източник на каталожния запис
Идентификатор на билиотеката - собственик на записа BLK
041 ## - Код за език
Код за езика на текст/звукозапис или на отделно заглавие Български
Код за езика КДБФ Български
072 #7 - Код за тематичната категория
Код организация bullib
Код за тематична категория К
Текст Краезнание
080 ## - УДК
Текстов определител УДК Занаятчийски и индустриални камари. Търговски палати
УДК код - определител по УДК 334.788.2
УДК определител (497.215)
УДК - код + определител 334.788.2(497.215)
110 1# - Редна дума - колетивен орган
Редна дума - наименование на организация или юридическо лице Търговско-индустриална камара. Русе
9 (RLIN) 315118
139 ## - Редно поле
Редна дума Търговско-индустриална камара. Русе
Авторски знак Тър - Т 96
245 10 - Сведения за заглавието
Заглавие Отчет за дейността на камарата през 1920 г.
257 ## - Страна на издаване
Страна на създаване/издаване България
260 ## - Област на издателските данни
Име на издателя, разпространителя и проч. Търг.-индустр. камара
Година на издаване 1921
Място на издаване, разпространение и проч. Русе
300 ## - Физическа характеристика
Страници 35 с.
Илюстрации и др. с табл.
Размери/Мащаб 23 см
380 ## - Жанр
Жанр Обществени науки
650 #4 - Допълнително описание по предмет – тема
Основно описание – тема или топоним Камари, търговско-индустриални
9 (RLIN) 280620
650 #4 - Допълнително описание по предмет – тема
Основно описание – тема или топоним Отчетност
9 (RLIN) 165382
651 #4 - Допълнително описание по предмет - топоним
Географско понятие България
9 (RLIN) 241624
651 #4 - Допълнително описание по предмет - топоним
Географско понятие Русе
9 (RLIN) 179462
653 ## - Ключова дума – ненормативна
Ключова дума търговско-индустриални камари
653 ## - Ключова дума – ненормативна
Ключова дума годишни отчети
659 ## - Тематичен бюлетин
Тематичен бюлетин К
852 ## - Местоположение
Форматна сигнатура К 334/Т 96
Фондова буква Краезнание
856 ## - Електронен адрес и достъп
Име на файл Отчет за дейността на камарата през 1920 г.
Права за достъп Достъп за регистрирани потребители
Електронен формат pdf - файл
Път до файла /url/ http://185.138.176.146:18082/cgi-bin/koha/opac-retrieve-file.pl?id=4d2b04f496c51bc2e301f267b5e9a7ef
Допълнителна информация (Корица, съдържание, пълен текст, звуков файл, HTML файл) Електронна книга
Информация за съдържанието Отчет за дейността на камарата през 1920 г.
942 ## - АРТИКУЛИ
Вид на библиотечния материал Книги
Скрит в OPAC Не
Периодичен библиозапис Да
944 ## - СЪЗДАВАНЕ И РЕДАКЦИЯ на ЗАПИСА
Създаване/Редакция Създаване
Дата на регистрацията/редакция 26.11.2012
Статус, дата на статуса Теодора Пейчева-Дянкова
Служител, извършил регистрацията/редакцията 30556
944 ## - СЪЗДАВАНЕ И РЕДАКЦИЯ на ЗАПИСА
Създаване/Редакция Редакция
Дата на регистрацията/редакция 06.08.2015
Статус, дата на статуса ф / 26.11.2012
Служител, извършил регистрацията/редакцията Людмила_Стоянова
999 ## - СИСТЕМНИ КОНТРОЛНИ НОМЕРА
Koha biblionumber 130695
Koha biblioitemnumber 130695
999 ## - СИСТЕМНИ КОНТРОЛНИ НОМЕРА
Koha biblioitemnumber 130695
Наличности
Код за отписване Код за изгубен артикул Източник на класификационната схема Код за повреда Коз за рестрикции Код за отдаване Артикулен № Име на библиотеката - собственик Име на библиотеката, в която се намира в момента Статус (Текущо местоположение) Дата на вписване в системата Местоположение - отдел Цена в лева Инвентарен номер Систематично азбучна сигнатура Баркод Номер на екземпляра Цена в евро Служебна бележка Служебен тип на артикула
  Не е изгубен Universal Decimal Classification Не е повреден само за читалня ползва се в читалня 212743 Регионална библиотека "Любен Каравелов" Русе Регионална библиотека "Любен Каравелов" Русе Краезнание 1921-01-01 Краезнание 0.05 26292 К 334/Т 96 900000096632 1 0.03 N: стар фонд Дата: 01.01.1921 Дата инв: 09.11.2017 Бележки инв: К2017 Книги
  Не е изгубен Universal Decimal Classification Не е повреден само за читалня ползва се в читалня 212744 Регионална библиотека "Любен Каравелов" Русе Регионална библиотека "Любен Каравелов" Русе Краезнание 1921-01-01 Краезнание 0.05 26292-а К 334/Т 96 900000096631 2 0.03 N: стар фонд Дата: 01.01.1921 Дата инв: 13.11.2017 Бележки инв: К2017 Книги
Vip Innovations Ltd, Rousse, Bulgaria 2025